000 00339 a2200133 4500
001 65112
040 _cAnchieta - Pituba
100 _aEvert
240 1 0 _a3ª Avaliação Multidisciplinar, 2º série, tipo 1
_lpor
245 1 0 _a3ª Avaliação Multidisciplinar, 2º série, tipo 1
362 0 _a2018
650 4 _aEducação
942 _cBK
999 _c65112
_d65112